| 000 | 00851 a2200169 4500 | ||
|---|---|---|---|
| 003 | Nust | ||
| 005 | 20230504135112.0 | ||
| 040 | _cNust | ||
| 082 | _a980,LYD | ||
| 100 |
_aLyde, Lionel W _9112132 |
||
| 245 |
_a A geography of South America, _bIncluding West indies / _cLionel .W Lyde |
||
| 260 |
_aLondon _bAdam And Charles _c1914 |
||
| 300 | _a87:p | ||
| 505 | _aIntroduction (Page-1), Surroundings (Page-3), Surface (Page-7), Climate (Page-15), Productions (Page-18), Political Divisions (Page-21), Colombia (Page-24), Ecuador (Page-27), Peru (Page-29), Bolivia (Page-32), Chile (Page-34), The Argentine Republic (Page-38), Uruguay and Paraguay (Page-42), Brazil (Page-45), The Guiana (Page-49), The West Indies (Page-54), Problem Paper (Page-71), Problems and Exercises (Page-73). | ||
| 650 |
_a A geography _9112133 |
||
| 942 |
_2ddc _cBK _k980,LYD |
||
| 999 |
_c187589 _d187589 |
||